000 00803nam a2200205 i 4500
001 186861
003 ES-MaACL
005 20250913172550.0
008 170223s1929 sp |||| | spa d
100 1 _aVilla-Urrutia, Wenceslao Ramírez de Villa-Urrutia,
_cMarqués de,
_d1850-1933
_9114894
245 1 3 _aEl General Serrano, Duque de la Torre /
_cpor el Marqués de Villa-Urrutia.
250 _a1ª ed.
260 _aMadrid :
_bEspasa-Calpe,
_c1929.
300 _a255 p. :
_b1 retr. ;
_c17 cm.
490 1 _aVidas españolas del siglo XIX ;
_v1
600 1 7 _aSerrano y Domínguez, Francisco,
_d1810-1885
_2
_9153059
830 0 _aVidas españolas del siglo XIX ;
_v1
_9192637
852 _aES-MaACL
_jC-23214
_z.- Sello de "Donativo Amigos del Ateneo, 1929"
999 _c186861
_d186861